000 00447nam a2200193Ia 4500
008 101110s9999 xx 000 0 und d
041 _aMARATHI
082 _bSR686
_a891.463
100 _aDandekar G.N.
245 _aPavana Kathacha Dhondi
365 _b3
520 _aMarathi
546 _aMARATHI
630 _aPavana Kathacha Dhondi
650 _aMarathi
655 _aMarathi
730 _aPavana Kathacha Dhondi
942 _cBOOK
999 _c797898
_d797895